000 00532nam a2200229Ia 4500
003 OSt
005 20221005114335.0
006 a|||||r|||| 00| 0
007 ta
008 221004b |||||||| |||| 00| 0 eng d
024 _a70823
037 _cTextual
040 _aCRL
_cCRL
_beng
041 _2eng
_aeng
082 _aY1:3N, J6
100 _aRead Herbert
245 0 _aArt and society
260 _c1956
650 _aSOCIOLOGY
942 _hY1:3N, J6
_cTEXL
_2cc
999 _c1031019
_d1031019